| 000 | 00433nam a2200181 4500 | ||
|---|---|---|---|
| 003 | SEACOMMC | ||
| 005 | 20231010100529.0 | ||
| 008 | 231010b |||||||| |||| 00| 0 eng d | ||
| 040 | _aSEACOMMC | ||
| 082 |
_a621.4021 _bNAG |
||
| 100 | 1 | _aNag, P.K. | |
| 245 | 1 | _aEngineering Thermodynamics | |
| 250 | _a3rd ed. | ||
| 260 |
_aNew Delhi _bTata McGraw-Hill _c2006 |
||
| 650 | _aEngineering | ||
| 650 | _aHeat engineering | ||
| 942 | _cBOOK | ||
| 999 |
_c93 _d93 |
||